[Event "69th ch-RUS 2016"]
[Site "Novosibirsk RUS"]
[Date "2016.10.24"]
[Round "8.3"]
[White "Svidler, Peter"]
[Black "Jakovenko, Dmitry"]
[Result "1/2-1/2"]
[WhiteTitle "GM"]
[BlackTitle "GM"]
[WhiteElo "2745"]
[BlackElo "2714"]
[WhiteFideId "4102142"]
[BlackFideId "4122356"]
[EventDate "2016.10.16"]

1. e4 e5 2. Nf3 Nc6 3. Bc4 Bc5 4. O-O Nf6 5. d3 O-O 6. Nbd2 d6 7. c3 a6 8. a4
Ba7 9. h3 Ne7 10. Re1 Ng6 11. Nf1 c6 12. Bb3 d5 13. exd5 Nxd5 14. Ng3 h6 15. d4
exd4 16. Nxd4 Bb6 17. Bc4 Rb8 18. Qc2 Bxd4 19. cxd4 Qf6 20. Qd1 Qd8 21. Qc2 Re8
22. Rxe8+ Qxe8 23. Bd2 Bd7 24. Re1 Qf8 25. Qb3 Be6 26. Ne4 b5 27. Bf1 bxa4 28.
Qxa4 Rxb2 29. Qxc6 Ra2 30. Qc1 Qa3 31. Qxa3 Rxa3 32. Nc5 Ra2 33. Rd1 Nc7 34.
Nxe6 fxe6 35. Bb4 Ra4 36. Bd6 Nb5 37. Bc5 Nf4 38. g3 Nd5 39. Rb1 Ndc3 40. Re1
Nxd4 41. Bxd4 1/2-1/2

[Event "69th ch-RUS 2016"]
[Site "Novosibirsk RUS"]
[Date "2016.10.24"]
[Round "8.4"]
[White "Fedoseev, Vladimir3"]
[Black "Grischuk, Alexander"]
[Result "1/2-1/2"]
[WhiteTitle "GM"]
[BlackTitle "GM"]
[WhiteElo "2665"]
[BlackElo "2752"]
[WhiteFideId "24130737"]
[BlackFideId "4126025"]
[EventDate "2016.10.16"]

1. e4 c5 2. Nf3 d6 3. d4 cxd4 4. Nxd4 Nf6 5. Nc3 a6 6. h3 e6 7. g4 Be7 8. Bg2
Nfd7 9. O-O Nc6 10. Nxc6 bxc6 11. f4 O-O 12. Be3 d5 13. g5 a5 14. Na4 Ba6 15.
Rf2 Bb5 16. Nc3 Ba6 17. Na4 Rb8 18. b3 Qc7 19. Qg4 Bb5 20. Nc3 Bc5 21. Nxb5 Rxb5
22. Re1 Qa7 23. Qg3 a4 24. Bxc5 Nxc5 25. Qe3 Qa5 26. exd5 cxd5 27. f5 axb3 28.
axb3 g6 29. fxe6 Nxe6 30. Ref1 Ng7 31. Qd2 Nf5 32. Qxa5 Rxa5 33. Rd1 Ne3 34. Rd3
Nxg2 35. Kxg2 Rc8 36. Kf3 Rac5 37. Rdd2 Rc3+ 38. Kg4 Kg7 39. h4 d4 40. Rxd4 Rxc2
41. Rxc2 1/2-1/2

[Event "69th ch-RUS 2016"]
[Site "Novosibirsk RUS"]
[Date "2016.10.24"]
[Round "8.5"]
[White "Tomashevsky, Evgeny"]
[Black "Goganov, Aleksey"]
[Result "1/2-1/2"]
[WhiteTitle "GM"]
[BlackTitle "GM"]
[WhiteElo "2724"]
[BlackElo "2635"]
[WhiteFideId "4147235"]
[BlackFideId "24109959"]
[EventDate "2016.10.16"]

1. Nf3 d5 2. g3 c6 3. Bg2 Bg4 4. O-O Nd7 5. d3 Ngf6 6. h3 Bxf3 7. Bxf3 e5 8. e4
dxe4 9. dxe4 Be7 10. Qe2 O-O 11. a4 a5 12. Nd2 Qc7 13. Nc4 Nc5 14. Bd2 Rfe8 15.
Bc3 Bf8 16. Kg2 b6 17. Rfd1 g6 18. b3 Bg7 19. h4 Nfd7 20. Qe3 Rab8 21. Bg4 Nf6
22. Bf3 Nfd7 23. Rd2 Ne6 24. Bg4 Ndc5 25. Bxe6 Nxe6 26. Rad1 Nd4 27. Nxe5 Nxc2
28. Rxc2 Bxe5 29. Bxe5 Qxe5 30. Rxc6 Qxe4+ 31. Qxe4 Rxe4 32. Rd7 Kg7 33. Rcc7
Rf8 34. Rb7 Re6 35. Rd4 Rfe8 36. Rf4 R8e7 37. Rxe7 Rxe7 38. Rc4 Re5 39. Rc6 b5
40. Ra6 bxa4 41. bxa4 h5 42. Kf3 1/2-1/2

[Event "69th ch-RUS 2016"]
[Site "Novosibirsk RUS"]
[Date "2016.10.24"]
[Round "8.6"]
[White "Riazantsev, Alexander"]
[Black "Kokarev, Dmitry"]
[Result "1-0"]
[WhiteTitle "GM"]
[BlackTitle "GM"]
[WhiteElo "2651"]
[BlackElo "2636"]
[WhiteFideId "4125029"]
[BlackFideId "4132181"]
[EventDate "2016.10.16"]

1. d4 Nf6 2. c4 g6 3. Nc3 d5 4. Nf3 Bg7 5. h4 dxc4 6. e4 O-O 7. Bxc4 c5 8. d5 b5
9. Bxb5 Nxe4 10. Nxe4 Qa5+ 11. Nc3 Bxc3+ 12. bxc3 Qxb5 13. h5 Qc4 14. hxg6 fxg6
15. Rh4 Qxc3+ 16. Bd2 Qd3 17. Bh6 Qxd1+ 18. Rxd1 Re8 19. Ng5 Nd7 20. Ne6 Rb8 21.
Nc7 Rd8 22. Ne6 Re8 23. Nc7 Rd8 24. Re4 Rb7 25. d6 exd6 26. Ne8 Rb4 27. Re3 Bb7
28. Rxd6 Rd4 29. Bg5 Rxd6 30. Nxd6 Rb8 31. Re7 Bc6 32. Bh6 Kh8 33. Nf7+ Kg8 34.
Ng5 Ne5 35. Rxe5 Rb1+ 36. Kd2 1-0

[Event "69th ch-RUS 2016"]
[Site "Novosibirsk RUS"]
[Date "2016.10.25"]
[Round "9.2"]
[White "Goganov, Aleksey"]
[Black "Riazantsev, Alexander"]
[Result "1/2-1/2"]
[WhiteTitle "GM"]
[BlackTitle "GM"]
[WhiteElo "2635"]
[BlackElo "2651"]
[WhiteFideId "24109959"]
[BlackFideId "4125029"]
[EventDate "2016.10.16"]

1. Nf3 d5 2. g3 Nd7 3. c4 dxc4 4. Na3 e5 5. Nxc4 e4 6. Nd4 Nb6 7. e3 Nf6 8. Bg2
Bc5 9. Nb3 Be7 10. Ne5 c5 11. O-O O-O 12. f4 exf3 13. Qxf3 c4 14. Na5 Qc7 15. d4
cxd3 16. Nxd3 Rd8 17. Nf4 Rb8 18. Nb3 Bf5 19. Nd4 Be4 20. Qe2 Bxg2 21. Qxg2 Qe5
22. g4 Qe4 23. Nf5 Bc5 24. Qxe4 Nxe4 25. b3 g6 26. Ng3 Nxg3 27. hxg3 Nd5 28. Kf2
Rd6 29. Kf3 Nb4 30. Ba3 Re8 31. Rfe1 Rf6 32. Kg2 Ra6 33. Bxb4 Bxb4 34. Re2 Rd6
35. Rc1 Ba5 36. Kf3 Bb6 37. e4 Rd4 38. Rcc2 Kg7 39. Nd5 Rd3+ 40. Kg2 Bd4 41. Nf4
Rc3 42. Rxc3 Bxc3 43. Rc2 Be5 44. Kf3 Rd8 45. Nd5 h6 46. a4 Kf8 1/2-1/2

[Event "69th ch-RUS 2016"]
[Site "Novosibirsk RUS"]
[Date "2016.10.25"]
[Round "9.3"]
[White "Grischuk, Alexander"]
[Black "Tomashevsky, Evgeny"]
[Result "1/2-1/2"]
[WhiteTitle "GM"]
[BlackTitle "GM"]
[WhiteElo "2752"]
[BlackElo "2724"]
[WhiteFideId "4126025"]
[BlackFideId "4147235"]
[EventDate "2016.10.16"]

1. Nf3 Nf6 2. b3 d5 3. Bb2 Bf5 4. Nh4 Bg6 5. Nxg6 hxg6 6. e3 e6 7. c4 c6 8. g3
Nbd7 9. Nc3 Bd6 10. Qe2 Qe7 11. Rd1 Ba3 12. Ba1 Bb4 13. Bg2 O-O 14. O-O Rfe8 15.
f4 Rad8 16. g4 Bxc3 17. Bxc3 e5 18. Ba1 Qe6 19. g5 Ne4 20. cxd5 cxd5 21. d3 Nd6
22. e4 dxe4 23. dxe4 exf4 24. Rxf4 Ne5 25. Rd5 f6 26. gxf6 gxf6 27. Rd1 Ndf7 28.
Rdf1 Qb6+ 29. Qf2 Qxf2+ 30. R4xf2 Ng4 31. Rf3 Nfe5 32. Rc3 Re6 33. h3 Nh6 34.
Rc7 Nhf7 35. Rxb7 Ra6 36. a4 Rc6 37. Rxa7 Rd2 38. Bxe5 Rcc2 39. Bh1 Nxe5 40.
Rxf6 Rc1+ 41. Rf1 Rc3 42. Rf2 Rc1+ 43. Rf1 Rc3 44. Rf2 Rc1+ 45. Rf1 1/2-1/2

[Event "69th ch-RUS 2016"]
[Site "Novosibirsk RUS"]
[Date "2016.10.25"]
[Round "9.4"]
[White "Jakovenko, Dmitry"]
[Black "Fedoseev, Vladimir3"]
[Result "1/2-1/2"]
[WhiteTitle "GM"]
[BlackTitle "GM"]
[WhiteElo "2714"]
[BlackElo "2665"]
[WhiteFideId "4122356"]
[BlackFideId "24130737"]
[EventDate "2016.10.16"]

1. Nf3 d5 2. d4 Nf6 3. c4 e6 4. Nc3 a6 5. cxd5 exd5 6. Bg5 Be6 7. e3 Nbd7 8. Bd3
h6 9. Bf4 g5 10. Bg3 Nh5 11. Qc2 Nxg3 12. hxg3 c6 13. O-O-O Bg7 14. Kb1 Qe7 15.
Nd2 O-O-O 16. Na4 Kb8 17. Rc1 Ka7 18. Qc3 Rc8 19. Nb3 Qd8 20. Nbc5 Bf8 21. Nxd7
Qxd7 22. Nc5 Qc7 23. Be2 Rg8 24. Qd3 Bxc5 25. Rxc5 Rg6 26. Qc2 Rf6 27. Bd3 b6
28. Rc3 c5 29. e4 dxe4 30. Bxe4 c4 31. d5 Bd7 32. Rf3 Qe5 33. Rxf6 Qxf6 34. f3
Qd4 35. Qc3 Qxc3 36. bxc3 Rh8 37. g4 Kb8 38. d6 Kc8 39. Kb2 Be6 40. Bc6 Bd7 1/2-1/2

[Event "69th ch-RUS 2016"]
[Site "Novosibirsk RUS"]
[Date "2016.10.25"]
[Round "9.5"]
[White "Bocharov, Dmitry"]
[Black "Svidler, Peter"]
[Result "1/2-1/2"]
[WhiteTitle "GM"]
[BlackTitle "GM"]
[WhiteElo "2611"]
[BlackElo "2745"]
[WhiteFideId "4138716"]
[BlackFideId "4102142"]
[EventDate "2016.10.16"]

1. Nf3 Nf6 2. c4 e6 3. g3 a6 4. Bg2 b5 5. b3 Bb7 6. O-O c5 7. Nc3 Qb6 8. e3 Be7
9. Qe2 Ne4 10. Bb2 O-O 11. d4 Nxc3 12. Bxc3 cxd4 13. exd4 Bf6 14. Rac1 d6 15. c5
Qd8 16. Rfd1 Bd5 17. Ne1 Bxg2 18. Kxg2 d5 19. h4 Nc6 20. h5 b4 21. Bb2 a5 22. f4
Qc7 23. Nf3 a4 24. Rc2 Rfe8 25. Qe3 Bd8 26. g4 f5 27. g5 Qb7 28. Re2 Bc7 29.
Rde1 Re7 30. Bc1 Kf8 31. Qd3 Qc8 32. g6 h6 33. Bd2 axb3 34. axb3 Rb8 35. Ra1 Ke8
36. Ne1 Ra8 37. Rxa8 Qxa8 38. Qb5 Kd7 39. Nd3 Kc8 40. Be3 Bb8 41. Nxb4 Nxb4 42.
Qxb4 Rb7 43. Qa4 Qxa4 44. bxa4 Rb3 45. a5 Kd7 46. Bc1 Rc3 47. Bd2 Rc4 48. Be1
Bxf4 49. Ra2 Kc8 50. a6 Kb8 51. Re2 Ka7 52. Rxe6 Bg5 53. Rd6 Rxd4 54. Bf2 Rd2
55. Kf3 Rd3+ 56. Ke2 Rd2+ 57. Ke1 Ra2 58. Bd4 f4 59. Rxd5 f3 60. Rf5 Rd2 61. Bf2
Rd3 62. Rf7+ Kxa6 63. Rxg7 Bd2+ 64. Kf1 Rd5 65. c6 Bc3 66. Rd7 Rxh5 67. c7 Kb7
68. Bg3 Rh1+ 69. Kf2 Be1+ 70. Kxf3 Rh3 71. Ke2 Rxg3 72. g7 Ba5 73. Rd8 Bxc7 74.
g8=Q Rxg8 75. Rxg8 1/2-1/2

[Event "69th ch-RUS 2016"]
[Site "Novosibirsk RUS"]
[Date "2016.10.25"]
[Round "9.6"]
[White "Oparin, Grigoriy"]
[Black "Vitiugov, Nikita"]
[Result "1/2-1/2"]
[WhiteTitle "GM"]
[BlackTitle "GM"]
[WhiteElo "2617"]
[BlackElo "2721"]
[WhiteFideId "24125890"]
[BlackFideId "4152956"]
[EventDate "2016.10.16"]

1. e4 e5 2. Nf3 Nc6 3. Bb5 a6 4. Ba4 Nf6 5. O-O Be7 6. Bxc6 dxc6 7. d3 Nd7 8. b3
O-O 9. Bb2 f6 10. Qe2 Re8 11. Nbd2 Nf8 12. d4 exd4 13. Nxd4 Bd6 14. Nc4 Qe7 15.
Nxd6 cxd6 16. Qc4+ Qf7 17. Qd3 d5 18. exd5 Qxd5 19. c4 Qe4 20. Qxe4 Rxe4 21. f3
Re8 22. Ba3 Bd7 23. Rfe1 Ng6 24. Bd6 Kf7 25. Kf2 h5 26. Rad1 Nh4 27. Rxe8 Rxe8
28. Bc5 Bc8 29. Rd2 Rd8 30. Bb6 Rd6 31. Bc5 Rd8 32. Bb6 Rd6 33. Bc5 1/2-1/2

[Event "69th ch-RUS 2016"]
[Site "Novosibirsk RUS"]
[Date "2016.10.26"]
[Round "10.1"]
[White "Inarkiev, Ernesto"]
[Black "Vitiugov, Nikita"]
[Result "1/2-1/2"]
[WhiteTitle "GM"]
[BlackTitle "GM"]
[WhiteElo "2732"]
[BlackElo "2721"]
[WhiteFideId "4162722"]
[BlackFideId "4152956"]
[EventDate "2016.10.16"]

1. e4 e5 2. Nf3 Nc6 3. Bb5 a6 4. Ba4 Nf6 5. O-O Be7 6. d3 d6 7. c3 O-O 8. Nbd2
Re8 9. Re1 Bf8 10. h3 h6 11. d4 b5 12. Bc2 Bb7 13. a3 Nb8 14. a4 Nbd7 15. Bd3 c6
16. b3 g6 17. Bb2 Bg7 18. Qc2 Nh5 19. Rad1 Rc8 20. Bf1 Qb6 21. b4 Nf4 22. dxe5
Nxe5 23. Nxe5 dxe5 24. Nb3 Ne6 25. Bc1 Qc7 26. Be3 Bf8 27. f3 Red8 28. Qf2 Rxd1
29. Rxd1 c5 30. axb5 axb5 31. Nxc5 Nxc5 32. Bxc5 Bxc5 33. bxc5 Qxc5 34. Rd8+ Kg7
35. Rxc8 Qxc8 36. Qb6 Ba8 37. Qa5 Bc6 38. c4 bxc4 39. Qxe5+ Kg8 40. Bxc4 Qd8 41.
Kh2 h5 42. Bd5 Be8 43. f4 Kf8 44. Qh8+ Ke7 45. Qd4 Kf8 46. Kg3 Qd6 47. e5 Qe7
48. Qb6 h4+ 49. Kh2 Bd7 50. Qd6 Bf5 51. Qf6 Qxf6 52. exf6 Be6 53. Bc6 Kg8 54.
Kg1 Kh7 55. Kf2 g5 56. Be4+ Kh6 57. Ke3 Bb3 58. f5 Kh7 59. Kd4 Kg8 60. Ke5 Kf8
61. Bd3 Kg8 62. Kd4 Ba4 63. Ke3 Bc6 64. Be4 Ba4 65. Kd2 Bb3 66. Kd3 Ba4 67. Bd5
Bd1 68. Kc3 Ba4 69. Kd2 Kf8 70. Ke3 Kg8 71. g3 hxg3 72. Kf3 g2 73. Kxg2 Bc2 74.
Kg3 Bxf5 75. h4 gxh4+ 76. Kxh4 1/2-1/2

[Event "69th ch-RUS 2016"]
[Site "Novosibirsk RUS"]
[Date "2016.10.26"]
[Round "10.2"]
[White "Svidler, Peter"]
[Black "Oparin, Grigoriy"]
[Result "1/2-1/2"]
[WhiteTitle "GM"]
[BlackTitle "GM"]
[WhiteElo "2745"]
[BlackElo "2617"]
[WhiteFideId "4102142"]
[BlackFideId "24125890"]
[EventDate "2016.10.16"]

1. c4 e6 2. Nc3 Nf6 3. e4 d5 4. e5 d4 5. exf6 dxc3 6. bxc3 Qxf6 7. d4 b6 8. Be2
Bb7 9. Bf3 Bxf3 10. Nxf3 Bd6 11. Qa4+ c6 12. O-O O-O 13. Rb1 Bc7 14. Re1 Rc8 15.
d5 Qf5 16. Ba3 cxd5 17. Nd4 Qh5 18. g3 h6 19. c5 bxc5 20. Bxc5 Be5 21. Rb7 Na6
22. Qxa6 Rxc5 23. Nxe6 Rxc3 24. Rd7 Qf3 25. Qb7 Re8 26. Re7 Rb8 27. Qxb8+ Bxb8
28. Re8+ Kh7 29. Nf8+ Kg8 30. Ng6+ Kh7 31. Nf8+ Kg8 32. Ng6+ Kh7 1/2-1/2

[Event "69th ch-RUS 2016"]
[Site "Novosibirsk RUS"]
[Date "2016.10.26"]
[Round "10.3"]
[White "Fedoseev, Vladimir3"]
[Black "Bocharov, Dmitry"]
[Result "1-0"]
[WhiteTitle "GM"]
[BlackTitle "GM"]
[WhiteElo "2665"]
[BlackElo "2611"]
[WhiteFideId "24130737"]
[BlackFideId "4138716"]
[EventDate "2016.10.16"]

1. e4 c6 2. d4 d5 3. e5 Bf5 4. Nf3 e6 5. Be2 h6 6. O-O Ne7 7. Nbd2 Nd7 8. c3 Bh7
9. b4 a5 10. Nb3 axb4 11. cxb4 Ng6 12. Bd2 Be7 13. a4 O-O 14. a5 f6 15. exf6
Bxf6 16. Rc1 e5 17. dxe5 Ndxe5 18. Nfd4 Qd6 19. Nc5 Rf7 20. Nf5 Qf8 21. f4 Nd7
22. Nxb7 Bb2 23. Rb1 Rxf5 24. Rxb2 Qf6 25. Qc1 Nh4 26. g3 Re8 27. Rf2 Rxe2 28.
Rxe2 Nf3+ 29. Kg2 Nd4 30. Re8+ Kf7 31. Re1 Ne5 32. a6 Rh5 33. a7 Ndf3 34. Rxe5
Nxe5 35. Bc3 Be4+ 36. Kf1 Bd3+ 37. Ke1 Nf3+ 38. Kd1 d4 39. a8=Q dxc3 40. Qe3 Re5
41. fxe5 cxb2 42. Qa2+ 1-0

[Event "69th ch-RUS 2016"]
[Site "Novosibirsk RUS"]
[Date "2016.10.26"]
[Round "10.4"]
[White "Tomashevsky, Evgeny"]
[Black "Jakovenko, Dmitry"]
[Result "1/2-1/2"]
[WhiteTitle "GM"]
[BlackTitle "GM"]
[WhiteElo "2724"]
[BlackElo "2714"]
[WhiteFideId "4147235"]
[BlackFideId "4122356"]
[EventDate "2016.10.16"]

1. e4 e5 2. Nf3 Nc6 3. Bc4 Bc5 4. d3 Nf6 5. O-O O-O 6. h3 d6 7. c3 a6 8. a4 Ba7
9. Nbd2 Ne7 10. Re1 Ng6 11. Bb3 c6 12. Nf1 d5 13. Ng3 h6 14. exd5 Nxd5 15. d4
exd4 16. Nxd4 Re8 17. Rxe8+ Qxe8 18. Bxd5 cxd5 19. Be3 Bb8 20. Nf1 Be6 21. Qh5
Be5 22. Nd2 Bd7 23. N2f3 f6 24. a5 Nf8 25. Qxe8 Rxe8 26. Nxe5 fxe5 27. Nb3 Ne6
28. Nc5 Nxc5 29. Bxc5 Kf7 30. Re1 g5 31. Re3 Re6 32. Bb6 Bb5 33. Rf3+ Rf6 34.
Rxf6+ Kxf6 35. f3 e4 36. fxe4 dxe4 37. Kf2 Kg6 38. g3 Bd7 39. h4 gxh4 40. gxh4
h5 1/2-1/2

[Event "69th ch-RUS 2016"]
[Site "Novosibirsk RUS"]
[Date "2016.10.26"]
[Round "10.5"]
[White "Riazantsev, Alexander"]
[Black "Grischuk, Alexander"]
[Result "1/2-1/2"]
[WhiteTitle "GM"]
[BlackTitle "GM"]
[WhiteElo "2651"]
[BlackElo "2752"]
[WhiteFideId "4125029"]
[BlackFideId "4126025"]
[EventDate "2016.10.16"]

1. d4 Nf6 2. c4 g6 3. Nc3 Bg7 4. e4 d6 5. Nf3 O-O 6. Be2 e5 7. O-O Nc6 8. dxe5
dxe5 9. Bg5 Bg4 10. Qxd8 Nxd8 11. Bxf6 Bxf6 12. Nd5 Kg7 13. Nxc7 Rc8 14. Nd5
Bxf3 15. gxf3 Ne6 16. Kg2 Nf4+ 17. Nxf4 exf4 18. Rfd1 Rfd8 19. Rab1 Rxd1 20.
Rxd1 Bxb2 21. Rb1 Bd4 22. Rxb7 Bb6 23. Rd7 Rc5 24. Rd5 Kf6 25. Bd3 Ke7 26. Kf1
Kf6 27. Ke2 Ke7 28. Kf1 Kf6 29. Ke2 Ke7 30. Kf1 Kf6 31. Ke2 Ke7 1/2-1/2

[Event "69th ch-RUS 2016"]
[Site "Novosibirsk RUS"]
[Date "2016.10.26"]
[Round "10.6"]
[White "Kokarev, Dmitry"]
[Black "Goganov, Aleksey"]
[Result "1/2-1/2"]
[WhiteTitle "GM"]
[BlackTitle "GM"]
[WhiteElo "2636"]
[BlackElo "2635"]
[WhiteFideId "4132181"]
[BlackFideId "24109959"]
[EventDate "2016.10.16"]

1. e4 e5 2. Nf3 Nc6 3. Bb5 Nf6 4. d3 Bc5 5. Bxc6 dxc6 6. Qe2 Nd7 7. Nbd2 O-O 8.
Nc4 f6 9. Bd2 Nb6 10. Ne3 Be6 11. O-O Nc8 12. c3 a5 13. Rfd1 Nd6 14. c4 b6 15.
Bc3 Qe8 16. b3 Qh5 17. h3 Rad8 18. Nf1 Qg6 19. Kh2 Nc8 20. a3 Bd6 21. b4 axb4
22. axb4 c5 23. b5 Ne7 24. Ng3 Qe8 25. Nh4 Qd7 26. Qf3 g6 27. Kg1 c6 28. bxc6
Nxc6 29. Rab1 Bc7 30. Qe3 Ra8 31. Nf3 Ra2 32. Ra1 Rxa1 33. Rxa1 Rd8 34. Ne1 Nd4
35. Nf1 b5 36. cxb5 Qxb5 37. Nd2 Bd6 38. Ra5 Qc6 39. Nc4 Bf8 40. Kh2 Nb5 41. Bb2
Bxc4 42. dxc4 Nd6 43. Rxc5 Qxe4 44. Bc1 Qb1 45. Rc6 Nf5 46. Qc3 Be7 47. c5 Rd1
48. Bd2 Qa2 49. Nc2 Qd5 50. Rc8+ Kg7 51. Be1 Qb7 52. Re8 Qc6 53. Rb8 e4 54. Rb4
Bxc5 55. Rc4 Bd6+ 56. g3 Qd5 57. Nb4 Bxb4 58. Qxb4 Nd6 59. Rc5 Qe6 60. Rc7+ Kh6
61. Bd2+ g5 62. Be3 Kg6 63. Qa4 Rd3 64. Qc6 Qd5 65. Qd7 Qf7 66. Qc6 Qd5 67. Qd7
Qf7 68. Qc6 Qe8 69. Qa6 Nf5 70. Bc5 Qe5 71. Qc8 Nxg3 72. Qg8+ Kf5 73. Qc8+ Kg6
74. Qg8+ Kf5 75. Qc8+ Kg6 76. Qg8+ 1/2-1/2

[Event "69th ch-RUS 2016"]
[Site "Novosibirsk RUS"]
[Date "2016.10.27"]
[Round "11.1"]
[White "Goganov, Aleksey"]
[Black "Inarkiev, Ernesto"]
[Result "1/2-1/2"]
[WhiteTitle "GM"]
[BlackTitle "GM"]
[WhiteElo "2635"]
[BlackElo "2732"]
[WhiteFideId "24109959"]
[BlackFideId "4162722"]
[EventDate "2016.10.16"]

1. d4 Nf6 2. c4 e6 3. Nf3 b6 4. g3 Bb7 5. Bg2 Be7 6. O-O O-O 7. Re1 Na6 8. Nc3
Ne4 9. Nxe4 Bxe4 10. Ne5 Bxg2 11. Kxg2 d6 12. Nc6 Qe8 13. d5 Nb8 14. Nd4 Bf6 15.
Nc2 b5 16. cxb5 Qxb5 17. e4 Nd7 18. Ne3 Nc5 19. Ng4 Bd8 20. dxe6 fxe6 21. f3 a5
22. Re2 a4 23. Rb1 Nd3 24. Be3 c5 25. Nf2 Ne5 26. f4 Nc4 27. b3 Na3 28. Rbb2 Qc6
29. Qd3 Bf6 30. Rbd2 Rfd8 31. Ng4 Be7 32. Bf2 Rdb8 33. Ne3 Rb4 34. Nc4 axb3 35.
axb3 Nxc4 36. bxc4 Raa4 37. Rc2 Qa6 38. f5 Rxc4 39. fxe6 Rxc2 40. Qxc2 Qc4 41.
Qxc4 Rxc4 42. e5 dxe5 43. Rxe5 1/2-1/2

[Event "69th ch-RUS 2016"]
[Site "Novosibirsk RUS"]
[Date "2016.10.27"]
[Round "11.2"]
[White "Grischuk, Alexander"]
[Black "Kokarev, Dmitry"]
[Result "1-0"]
[WhiteTitle "GM"]
[BlackTitle "GM"]
[WhiteElo "2752"]
[BlackElo "2636"]
[WhiteFideId "4126025"]
[BlackFideId "4132181"]
[EventDate "2016.10.16"]

1. e4 c5 2. Nf3 d6 3. d4 cxd4 4. Nxd4 Nf6 5. Nc3 a6 6. Nb3 Nc6 7. Be3 Ng4 8. Bd2
Nf6 9. h4 g6 10. Bg5 Bg7 11. Qd2 h6 12. Bf4 Be6 13. O-O-O h5 14. Kb1 O-O 15. f3
Rc8 16. Bh6 Bxh6 17. Qxh6 Qb6 18. g4 Ne5 19. gxh5 Nxh5 20. Be2 Rxc3 21. bxc3 Qf2
22. Nd4 Ng3 23. h5 g5 24. Qxg5+ Kh7 25. Rdf1 Nxf1 26. Rxf1 Nxf3 27. Qc1 1-0

[Event "69th ch-RUS 2016"]
[Site "Novosibirsk RUS"]
[Date "2016.10.27"]
[Round "11.3"]
[White "Jakovenko, Dmitry"]
[Black "Riazantsev, Alexander"]
[Result "0-1"]
[WhiteTitle "GM"]
[BlackTitle "GM"]
[WhiteElo "2714"]
[BlackElo "2651"]
[WhiteFideId "4122356"]
[BlackFideId "4125029"]
[EventDate "2016.10.16"]

1. e4 c6 2. d4 d5 3. e5 Bf5 4. Nf3 e6 5. Be2 Ne7 6. O-O h6 7. Nbd2 Nd7 8. Nb3
Qc7 9. Bd2 g5 10. Rc1 a5 11. a4 Bg7 12. Ne1 c5 13. c3 c4 14. Na1 Nb6 15. b3
O-O-O 16. Nec2 f6 17. exf6 Bxf6 18. Na3 Kb8 19. Be3 Nec8 20. Nb5 Qd7 21. Qd2 Nd6
22. Nxd6 Qxd6 23. Qb2 Rc8 24. Nc2 Be7 25. Ra1 cxb3 26. Qxb3 Nc4 27. Bc1 Qc7 28.
Ra2 Rh7 29. Re1 Bd6 30. h3 h5 31. Ne3 Nxe3 32. Bxe3 g4 33. h4 g3 34. Rb2 gxf2+
35. Bxf2 Be4 36. Qb6 Rg8 37. Bf1 Bh2+ 38. Kh1 Rhg7 39. Qxe6 Rxg2 40. Rxb7+ Kxb7 0-1

[Event "69th ch-RUS 2016"]
[Site "Novosibirsk RUS"]
[Date "2016.10.27"]
[Round "11.4"]
[White "Bocharov, Dmitry"]
[Black "Tomashevsky, Evgeny"]
[Result "0-1"]
[WhiteTitle "GM"]
[BlackTitle "GM"]
[WhiteElo "2611"]
[BlackElo "2724"]
[WhiteFideId "4138716"]
[BlackFideId "4147235"]
[EventDate "2016.10.16"]

1. d4 Nf6 2. c4 e6 3. Nc3 Bb4 4. Qc2 b6 5. e4 c5 6. d5 Qe7 7. Ne2 exd5 8. exd5
d6 9. Bd2 O-O 10. O-O-O Ng4 11. Re1 Nxf2 12. Rg1 Nd7 13. Nd4 Qxe1+ 14. Bxe1 cxd4
15. a3 Bc5 16. b4 d3 17. Qd2 Ne4 18. Nxe4 Bxg1 19. Bg3 a5 20. Bxd3 axb4 21. axb4
Ne5 22. Nxd6 Nxd3+ 23. Qxd3 Bd7 24. Kb2 Ra4 25. Qb3 Bd4+ 26. Kc2 Rfa8 27. Qf3
Ra2+ 28. Kd3 Bf6 29. Ke4 R8a3 30. Qh5 g6 31. Qd1 Ba4 32. Qe1 Bc2+ 33. Kf4 g5+
34. Kg4 Bg6 35. Qe8+ Kg7 36. Nf5+ Bxf5+ 37. Kxf5 h5 38. Qe4 Rxg3 39. hxg3 Rf2+
40. Qf3 Rxf3+ 41. gxf3 h4 42. gxh4 gxh4 0-1

[Event "69th ch-RUS 2016"]
[Site "Novosibirsk RUS"]
[Date "2016.10.27"]
[Round "11.5"]
[White "Oparin, Grigoriy"]
[Black "Fedoseev, Vladimir3"]
[Result "1-0"]
[WhiteTitle "GM"]
[BlackTitle "GM"]
[WhiteElo "2617"]
[BlackElo "2665"]
[WhiteFideId "24125890"]
[BlackFideId "24130737"]
[EventDate "2016.10.16"]

1. e4 e5 2. Nf3 Nc6 3. Bb5 Nf6 4. d3 Bc5 5. Bxc6 dxc6 6. Qe2 Nd7 7. Be3 Bd6 8.
d4 O-O 9. Nbd2 exd4 10. Nxd4 Nb6 11. O-O-O a5 12. g4 a4 13. a3 Re8 14. f3 Bd7
15. h4 Qe7 16. Kb1 Ra5 17. h5 Be5 18. f4 Bd6 19. h6 g6 20. Rhg1 Ra6 21. Qd3 Nd5
22. e5 f6 23. Nf5 Bxf5 24. gxf5 Nxe3 25. Ne4 Nd5 26. exd6 cxd6 27. Rde1 Kf8 28.
fxg6 hxg6 29. Rxg6 Nxf4 30. Qg3 Nxg6 31. Qxg6 f5 32. Qxf5+ 1-0

[Event "69th ch-RUS 2016"]
[Site "Novosibirsk RUS"]
[Date "2016.10.27"]
[Round "11.6"]
[White "Vitiugov, Nikita"]
[Black "Svidler, Peter"]
[Result "1/2-1/2"]
[WhiteTitle "GM"]
[BlackTitle "GM"]
[WhiteElo "2721"]
[BlackElo "2745"]
[WhiteFideId "4152956"]
[BlackFideId "4102142"]
[EventDate "2016.10.16"]

1. e4 e5 2. Nf3 Nc6 3. Bb5 a6 4. Ba4 Nf6 5. O-O Be7 6. Re1 b5 7. Bb3 O-O 8. c3
d5 9. exd5 Nxd5 10. Nxe5 Nxe5 11. Rxe5 c6 12. d3 Bd6 13. Re1 Bf5 14. Qf3 Bg6 15.
Na3 Bxa3 16. bxa3 Nxc3 17. Bd2 Nd5 18. Rac1 Rc8 19. Rc5 Re8 20. Rec1 Qd7 21. h4
h5 22. a4 Re5 23. axb5 axb5 24. d4 Rf5 25. Qg3 Kh7 26. Bc2 Rf6 27. Bb3 Rf5 28.
Bc2 Rf6 29. Bb3 Rf5 1/2-1/2